[Event "National Feminin Rapide 2006"]
[Site "Saint Quentin"]
[Date "2006.06.24"]
[Round "4.1"]
[White "Benmesbah, Natascha"]
[Black "Leconte, Maria"]
[Result "1-0"]
[WhiteElo "2010"]
[BlackElo "2430"]
[PlyCount "48"]
[EventDate "2005.06.24"]
[EventType "swiss (rapid)"]
[EventRounds "9"]
[EventCountry "FRA"]

1. e4 e6 2. d4 d5 3. Nc3 Bb4 4. Qd3 dxe4 5. Qxe4 Nf6 6. Qh4 Nd5 7. Qxd8+ Kxd8
8. Bd2 Nxc3 9. bxc3 Ba3 10. Bd3 Ke7 11. Nf3 c5 12. O-O Nc6 13. Rab1 cxd4 (13...
b5) 14. cxd4 Rd8 15. Rb3 Bd6 16. Bc3 g6 17. Re1 Kf8 18. Ne5 Ne7 19. Be4 Nd5 20.
Bb2 f6 21. Nc4 Be7 22. a3 Rb8 23. Na5 {%08DA} Kf7 (23... Bd6 24. c4 Bc7) 24.
Nc6 Bd7 1-0

[Event "National Feminin Rapide 2006"]
[Site "Saint Quentin"]
[Date "2006.06.25"]
[Round "1.6"]
[White "Benmesbah, Natascha"]
[Black "Lallemand, Roza"]
[Result "0-1"]
[WhiteElo "2010"]
[BlackElo "2380"]
[PlyCount "136"]
[EventDate "2005.06.24"]
[EventType "swiss (rapid)"]
[EventRounds "9"]
[EventCountry "FRA"]

1. e4 g6 2. d4 Bg7 3. Nf3 d6 4. c3 c6 5. Be3 Nf6 6. Bd3 O-O 7. O-O Nbd7 8. h3
e5 9. Bc2 Qc7 10. Nbd2 Re8 11. dxe5 dxe5 12. Bb3 h6 13. Qe2 Nf8 14. Rfd1 Be6
15. Bc5 Nh5 16. Be3 b5 17. c4 a6 18. Rac1 Qb7 19. cxb5 cxb5 20. Rc5 Bxb3 21.
axb3 Ne6 22. Rc3 Nhf4 23. Qf1 Rad8 24. g3 Nh5 25. b4 Rd7 26. Qe2 Nd4 27. Qf1
Nxf3+ 28. Nxf3 Rxd1 29. Qxd1 Qxe4 30. Qd7 Nf6 31. Qc6 Qb1+ (31... Re6) 32. Rc1
Qxb2 33. Qxa6 Qxb4 34. Rc8 Qb1+ 35. Kg2 Rxc8 36. Qxc8+ Kh7 37. Qc7 Nd5 38. Qxf7
Nxe3+ 39. fxe3 Qc2+ 40. Kf1 b4 41. Ne1 (41. Nxe5 Qc1+ 42. Ke2 Qb2+ 43. Kd3 Qxe5
$19) 41... Qc3 42. h4 Qxe3 43. h5 Qxg3 44. hxg6+ Qxg6 45. Qc4 Qf5+ 46. Ke2 Qf4
47. Qc2+ e4 48. Qc4 Qg4+ 49. Kf1 Qf4+ 50. Ke2 Bc3 51. Qd5 Qg4+ 52. Kf1 Qg6 53.
Qb7+ Kh8 54. Ke2 h5 55. Qc8+ Kh7 56. Qc7+ Bg7 57. Qc4 Qg4+ 58. Kf1 Qf4+ 59. Ke2
Bc3 60. Qd5 Qg4+ 61. Kf1 Qh3+ 62. Ke2 Qh2+ 63. Ke3 Qh3+ 64. Ke2 Qg4+ 65. Kf1
Qf4+ 66. Ke2 h4 67. Qd7+ Bg7 68. Qc8 b3 0-1

[Event "Tournoi de Grand Maitre féminin - Marsei"]
[Site "Marseille"]
[Date "2006.07.03"]
[Round "4.1"]
[White "Benmesbah, Natacha"]
[Black "Sukandar, Irine Kharisma"]
[Result "1-0"]
[WhiteElo "2137"]
[BlackElo "2213"]
[PlyCount "126"]
[EventDate "2006.??.??"]

1. e4 c5 2. Nf3 Nc6 3. Bb5 g6 4. O-O Bg7 5. Re1 e5 6. Bxc6 bxc6 7. d3 Ne7 8.
Be3 d6 9. Qd2 Rb8 10. b3 O-O 11. Bh6 f5 12. c3 fxe4 13. dxe4 Bg4 14. Nh4 Nc8
15. Qg5 Bxh6 16. Qxg4 Qf6 17. Nf3 Bf4 18. Na3 h5 19. Qh3 Rb7 20. Rf1 Rh7 21.
Ne1 g5 22. Qd3 g4 23. g3 Bg5 24. Ng2 h4 25. Ne3 Qf3 26. Nac4 Qf7 27. Qe2 Rg7
28. Nf5 Rg6 29. Rad1 Be7 30. gxh4 Qe6 31. Qd2 d5 32. Nce3 d4 33. Nc4 Rf7 34. h5
Rg5 35. h6 Qf6 36. cxd4 cxd4 37. Qa5 Bd6 38. Qa6 Rc7 39. Rc1 Bb4 40. Nb2 Ne7 {
??} 41. Qc4+ {
Après l'énorme bourde des son adversaire, Natacha n'aura pas de mal à gagner.}
Kh7 42. Qxb4 Nxf5 43. exf5 Rh5 44. Qb8 Re7 45. Qd8 Qh4 46. Rfd1 Qxh2+ 47. Kf1
Rf7 48. Ke2 g3 49. Kd3 gxf2 50. Rf1 Rhxf5 51. Nc4 Rf3+ 52. Kc2 Rc3+ 53. Kb2
Rcf3 54. Qe8 R3f5 55. Nd6 Qf4 56. Nxf5 Qxf5 57. Qxc6 e4 58. Qc4 e3 59. Qe2 Qe4
60. Rcd1 Qf3 61. Qd3+ Qf5 62. Qe2 Qf3 63. Qc2+ Qf5 1-0

[Event "Tournoi de Grand Maitre féminin - Marsei"]
[Site "Marseille"]
[Date "2006.07.04"]
[Round "6.1"]
[White "Benmesbah, Natacha"]
[Black "Foisor, Cristina Adela"]
[Result "0-1"]
[WhiteElo "2137"]
[BlackElo "2392"]
[PlyCount "78"]
[EventDate "2006.??.??"]

1. e4 g6 2. d4 Bg7 3. Nc3 d6 4. Be3 a6 5. Qd2 b5 6. Bd3 Nd7 7. Nf3 Bb7 8. O-O
c5 9. Rfe1 Rc8 10. dxc5 Nxc5 11. a3 Nxd3 12. cxd3 h6 13. a4 b4 14. Nd5 Bxd5 15.
exd5 Nf6 16. Qxb4 O-O 17. Bd2 Nxd5 18. Qb7 e6 19. Qxa6 Bxb2 20. Bxh6 Bxa1 21.
Rxa1 Re8 22. a5 Qd7 23. d4 Qc6 24. Qd3 Qc2 25. Qa6 Rc6 26. Qb7 Rc7 27. Qa6 Qc6
28. Qe2 Qc4 29. Qe4 Qc3 30. Rf1 Qc2 31. Qh4 Qf5 32. Ng5 Nf6 33. h3 Rc4 34. Ra1
Ra8 35. a6 Rc6 36. a7 Rc7 37. Qg3 Qd5 38. Qa3 Qxd4 39. Qg3 Qxa1+ 0-1

[Event "Open A - Marseille Duchamps 2006"]
[Site "Marseille"]
[Date "2006.06.30"]
[Round "1.2"]
[White "Fedorchuk, Sergey A"]
[Black "Van Elst, Andreas"]
[Result "1-0"]
[WhiteElo "2576"]
[BlackElo "2280"]
[PlyCount "44"]
[EventDate "2006.??.??"]

1. e4 c5 2. Nf3 e6 3. d4 cxd4 4. Nxd4 a6 5. Bd3 Nf6 6. O-O Qc7 7. Qe2 d6 8. f4
Nbd7 9. Kh1 Be7 10. c4 O-O 11. Nc3 b6 12. Bd2 Bb7 13. Rae1 Rad8 14. Nf3 Rfe8
15. e5 dxe5 16. fxe5 Ng4 17. Bf4 f6 18. exf6 Qxf4 19. f7+ Qxf7 20. Ng5 Bxg5 21.
Rxf7 Kxf7 22. Qxg4 Bf6 1-0

[Event "Open A - Marseille Duchamps 2006"]
[Site "Marseille"]
[Date "2006.07.02"]
[Round "3.1"]
[White "Fedorchuk, Sergey A"]
[Black "Ravi, Lanka"]
[Result "1-0"]
[WhiteElo "2576"]
[BlackElo "2423"]
[PlyCount "53"]
[EventDate "2006.??.??"]

1. e4 e6 2. d4 d5 3. Nd2 c5 4. Ngf3 cxd4 5. Nxd4 Nf6 6. exd5 Qxd5 7. N2f3 Bc5
8. c4 Qd8 9. Be2 e5 10. Nb5 Qb6 11. O-O e4 12. Bf4 Na6 13. Nfd4 O-O 14. a3 Bg4
15. Bxg4 Nxg4 16. b4 Qf6 17. Qxg4 Bxd4 18. Rae1 Bb2 19. Rxe4 Qc6 20. Qe2 Bf6
21. h3 Rfd8 22. Bg3 h6 23. Qf3 Rd7 24. Qg4 Kh7 25. Nxa7 Rxa7 26. b5 Qc8 27.
Qf5+ 1-0